000 00258nam a2200109Ia 4500
008 240625s9999 xx 000 0 und d
041 _aeng
082 _a425 CHI
100 _aCHILDS CHARLSIE
245 _aIMPROVE YOUR AMERICAN ENGLISH ACCENT
260 _c2007
999 _c33642
_d33642